Mecklenburg-Vorpommern Counties - Statistics

General Stats
  • This quiz has been taken 25 times
  • The average score is 6 of 8
Answer Stats
Hint Answer % Correct
County Landkreis Rostock
100%
City Rostock
100%
City Schwerin
96%
County Nordwest-Mecklenburg
79%
County Ludwigslust-Parchim
71%
County Vorpommern-Greifswald
71%
County Mecklenburgische Seenplatte
67%
County Vorpommern-Rügen
63%
No matching quizzes found
Score Distribution
Percent of People with Each Score
Percentile by Number Answered
Your Score History
You have not taken this quiz